| 000 | 00419cam a2200169ua 4500 | ||
|---|---|---|---|
| 020 | _a0-07-Y66170-7 | ||
| 041 |
_aeng _h |
||
| 082 |
_a541.3 _bBAR/PH |
||
| 100 | _aBarrow, Gordon M. | ||
| 245 |
_aPhysical chemistry / _cGordon M Barrow. _hTextual Documents |
||
| 250 |
_a4 / _b. |
||
| 260 |
_aNew York : _bMcGraw Hill Book Company , _c1985. |
||
| 300 | _a832 ; . | ||
| 504 | _a | ||
| 942 | _cBK | ||
| 999 |
_c7531 _d7531 |
||